Pharmaceutical Biotechnology (Record no. 16609)
[ view plain ]
| 000 -LEADER | |
|---|---|
| fixed length control field | 00281nam a22001217a 4500 |
| 008 - FIXED-LENGTH DATA ELEMENTS--GENERAL INFORMATION | |
| fixed length control field | 131129t xxu||||| |||| 00| 0 eng d |
| 020 ## - INTERNATIONAL STANDARD BOOK NUMBER | |
| International Standard Book Number | 81-239-0614-5 |
| 040 ## - CATALOGING SOURCE | |
| Original cataloging agency | ASAB |
| Transcribing agency | ASAB |
| 100 ## - MAIN ENTRY--PERSONAL NAME | |
| Personal name | S.P. Vyas |
| 9 (RLIN) | 341 |
| 245 ## - TITLE STATEMENT | |
| Title | Pharmaceutical Biotechnology |
| 300 ## - PHYSICAL DESCRIPTION | |
| Extent | 340 |
| 942 ## - ADDED ENTRY ELEMENTS (KOHA) | |
| Source of classification or shelving scheme | |
| Koha item type | Book |
| Withdrawn status | Lost status | Source of classification or shelving scheme | Damaged status | Not for loan | Permanent Location | Current Location | Date acquired | Total Checkouts | Full call number | Barcode | Date last seen | Price effective from | Koha item type |
|---|---|---|---|---|---|---|---|---|---|---|---|---|---|
| Atta-ur-Rahman School of Applied Biosciences (ASAB) | Atta-ur-Rahman School of Applied Biosciences (ASAB) | 11/29/2013 | 615.19 VYA | ASAB1588 | 07/29/2019 | 11/29/2013 | Book |
